BTS Songs zuordnen - Statistiken

Allgemein
  • Dieses Quiz wurde 17 mal gespielt
  • Das Durchschnittsergebnis liegt bei 14 aus 24
Antwortstatistiken
Hint Antwort % Korrekt
No More Dream BTS
83%
Coffee BTS
83%
Best Of Me BTS
83%
Super Tuna Jin
83%
Agust D Agust D
75%
Daechwita Agust D
67%
Killin' It Girl j-hope
67%
Like Crazy Jimin
67%
3D Jung Kook
67%
FRI(END)S V
67%
AMYGDALA Agust D
58%
Chicken Noodle Soup j-hope
58%
Set Me Free Pt. 2 Jimin
58%
Standing Next to You Jung Kook
58%
Still With You Jung Kook
58%
Wild Flower RM
58%
Lonely RM
50%
moonchild RM
50%
Rainy Days V
50%
MORE j-hope
42%
Be Mine Jimin
42%
Running Wild Jin
42%
Sweet Nights V
33%
Don't Say You Love Me Jin
25%
Keine übereinstimmenden Quizze gefunden
Verteilung der Resultate
Anzahl Personen mit jedem Resultat
Perzentil nach korrekt beantworteten Fragen
Ihre Resultats-Entwicklung
Sie haben dieses Quiz noch nicht gespielt